000 01899nam a2200385 c 4500
003 BLK
005 20240129143152.0
008 180408b bul|||||r ||||||| ||bul||
010 _aKNG00091715000
040 _aBLK
041 _aBUL
_cBUL
080 _aЗвезди и звездни системи. Вселена - Космически лъчи, междузвездно пространство, Галактика, Млечен път, космология, извънгалактически системи
_b524
_x
_z524
100 1 _aНиколов, Никола Стефанов
_eпърви автор
_9369770
700 1 _aРачева, Венелина Петрова
_eсъавт.
_9302579
700 1 _aНиколов, Андрей Стефанов
_eсъавт.
_9302580
139 _aНиколов, Никола Стефанов и др.
_bН 70
245 1 0 _aРаждане и смърт на звездите
_cНикола Стефанов Николов; съавт. Венелина Петрова Рачева; съавт. Андрей Стефанов Николов.
257 _aBGR
260 София
_bНар. просв.
_c1988
_fХасково : печ. Ат. Стратиев
300 _a112 с.
_bс табл., сх., диагр., 8 л. : цв. ил.
_c20 см
380 _a5
490 1 _aБиблиотека за ученика
490 1 _3Подсерия
_aСерия Физика
500 _aАвт. не са отбелязани на кор. - 14 802 тир.
650 4 _aЗвезди
_9155877
650 4 _aАстрономия
_9147778
653 _aзвезди
653 _aастрономия
852 _aЦб 156637
856 4 _qpdf
_u
856 4 _qpdf
_u
942 _cKNG
_n0
_03
944 _aCR
_c29.09.2009
_lМинев Младен
_k30530
944 _aED
_c09.10.2017
_lф /
_kВася_Ганчева
999 _c87085
_d87085